| 000 | 00883cam a22002775a 4500 | ||
|---|---|---|---|
| 001 | 18071709 | ||
| 005 | 20161201152501.0 | ||
| 008 | 140318t2013 maua frb 001 0 eng d | ||
| 020 | _a9780123821782 | ||
| 040 |
_aDLC _beng _cDLC _dEG-ScBUE _dEG-ScBUE |
||
| 082 | 0 | 4 |
_222 _a668.9 _bRUD |
| 100 | 1 |
_aRudin, Alfred. _936826 |
|
| 245 | 1 | 4 |
_aThe elements of polymer science and engineering / _cAlfred Rudin, Phillip Choi. |
| 250 | _a3rd ed. | ||
| 260 |
_aWaltham ; _aOxford : _bAcademic Press / Elsevier, _cc.2013. |
||
| 300 |
_axx, 563 p. : _bill. ; _c24 cm. |
||
| 500 | _aIndex : p. 549-563. | ||
| 504 | _aIncludes bibliographical references. | ||
| 650 | 7 |
_apolymers. _95875 _2BUEsh |
|
| 650 | 7 |
_aPolymerization. _96762 _2BUEsh |
|
| 651 | _2BUEsh | ||
| 653 |
_bENGCHE _cDecember2014 |
||
| 653 |
_bENGGEN _cDecember2016 |
||
| 700 | 1 |
_aChoi, Phillip. _936827 |
|
| 942 |
_2ddc _k668.9 RUD |
||
| 999 |
_c18734 _d18706 |
||